000 00525nam a2200169 a 4500
001 000030463
005 20200930062327.0
008 110517s2011 dr 000 p spa d
020 _a9789945163971
040 _aDO-SdBNP
_bspa
_cBNPHU
082 _axxxx
_bF897d
100 1 _aFrías, Félix Octavio
_957094
245 1 0 _aDe cada árbol una flor :
_bpoemas para valorar la vida /
_cFélix Octavio Frías; prólogo de Ricardo Nieves.
260 _aSanto Domingo :
_bBúho,
_c2011.
300 _a69 p. ;
_c21 cm.
049 _aBNPD
999 _c29955
_d29955